000 00512nam a2200193Ia 4500
005 20250508152223.0
008 008 250505s9999 xx 000 0 eng d
037 _aTextual
040 _aFEDL
_beng
_cFEDL
041 _aeng
_2eng
084 _a657, SIM
_qFEDL
100 _aSimpson H A
_9761047
245 0 _aIndustrial accountancy
250 _a2
260 _aLondon, UK
_bSir Isaac Pitman and Sons Ltd
_c1948
300 _axiv,205p
942 _cTEXL
_h657, SIM
999 _c1335034
_d1335034